书目信息 |
| 题名: |
利率市场化与商业银行利率管理
|
|
| 作者: | 黄建锋 | |
| 分册: | ||
| 出版信息: | 北京 机械工业出版社 2001 |
|
| 页数: | 274 | |
| 开本: | 21cm | |
| 丛书名: | ||
| 单 册: | ||
| 中图分类: | F832.22 | |
| 科图分类: | ||
| 主题词: | 金融 , 银行 | |
| 电子资源: | ||
| ISBN: | 7-111-08919-7 | |
| 000 | 00568nam0 2200193 450 | |
| 001 | 0760515518 | |
| 005 | 20070817164835.51 | |
| 010 | @a7-111-08919-7@d¥19.00 | |
| 100 | @a20070817d km y0chiy0120 ea | |
| 101 | 0 | @achi |
| 200 | 1 | @a利率市场化与商业银行利率管理@Ali lu shi chang hua yu shang ye yin hang li lu guan li@f黄建锋@Fhuang jian feng |
| 210 | @a北京@c机械工业出版社@d2001 | |
| 215 | @a274@d21cm | |
| 606 | 0 | @a金融 |
| 606 | 0 | @a银行 |
| 690 | @aF832.22@v3 | |
| 701 | 0 | @a黄建锋@Ahuang jian feng |
| 801 | 0 | @aCN@bPFT@c20070817 |
| 905 | @a213230@dF832.22@eg4@f1 | |
| 利率市场化与商业银行利率管理/黄建锋.-北京:机械工业出版社,2001 |
| 274;21cm |
| ISBN 7-111-08919-7:¥19.00 |
| ● |
| 相关链接 |
|
|
|
|
正题名:利率市场化与商业银行利率管理
索取号:F832.22/g4
 
预约/预借
| 序号 | 登录号 | 条形码 | 馆藏地/架位号 | 状态 | 备注 |
| 1 | 6502411 | 265024118 | 密集书库-海洋学院/ [索取号:F832.22/g4] | 在馆 |